000 00294nam a22001337a 4500
008 171018b xxu||||| |||| 00| 0 eng d
020 _a9780452269842
041 _aeng
080 _a338
100 _a53
101 _aMEN
245 _aMANAGING FOR THE FUTURE
_cDRUCKER,P.F
942 _2udc
_cBK
999 _c34750
_d34750